[Event "DVM U12 2016"]
[Site "Magdeburg GER"]
[Date "2016.12.29"]
[Round "5"]
[White "Sinnhöfer, Lilian"]
[Black "von Krosigk, Florian"]
[Result "1/2-1/2"]
[Termination "normal"]
[Board "2.4"]
[WhiteElo "1319"]
[BlackElo "1627"]
[WhiteClock "00:06:17"]
[BlackClock "00:17:51"]
[WhiteTeam "Delmenhorster SK"]
[BlackTeam "Hamburger SK"]
[PlyCount "109"]
[WhiteFideId "12977586"]
[BlackFideId "16227808"]
[EventCountry "GER"]
[EventRounds "7"]
[EventType "team-swiss"]
[EventDate "2016.12.26"]

1. e4 e5 2. Nf3 Nc6 3. Bb5 a6 4. Bxc6 dxc6 5. O-O Bg4 6. h3 h5 7. d3 Qf6 8.
Nbd2 Ne7 9. Re1 Ng6 10. d4 Nf4 11. hxg4 hxg4 12. g3 gxf3 13. Qxf3 Nh5 14. dxe5
Qxe5 15. Qf5 Bd6 16. Nf3 Qxf5 17. exf5+ Kd7 18. Ng5 Rhf8 19. b3 g6 20. fxg6
fxg6 21. Re6 Bc5 22. Be3 Bxe3 23. Rd1+ Kc8 24. Rxe3 Nf6 25. Re7 b6 26. Ne6 Re8
27. Rxc7+ Kb8 28. Rxc6 b5 29. Nc7 Rc8 30. Rxf6 Kxc7 31. Rxg6 Kb8 32. Rd7 Ra7
33. Rxa7 Kxa7 34. Rg7+ Kb6 35. Rg4 Rxc2 36. a4 Rb2 37. axb5 a5 38. f4 Rxb3 39.
Kf2 Rxb5 40. Rg6+ Kb7 41. Re6 a4 42. Re1 Ra5 43. g4 Kc7 44. f5 Kd6 45. f6 Ra7
46. Kg3 a3 47. Kf4 a2 48. Ra1 Ke6 49. Kg5 Kf7 50. Kh6 Ra3 51. Kg5 Ra5+ 52. Kf4
Ra4+ 53. Kf5 Ra5+ 54. Kf4 Kxf6 55. g5+ 1/2-1/2

[Event "DVM U12 2016"]
[Site "Magdeburg GER"]
[Date "2016.12.29"]
[Round "5"]
[White "Wu, Leon"]
[Black "Kosev, Momchil"]
[Result "1-0"]
[Termination "normal"]
[Board "3.1"]
[WhiteElo "1839"]
[BlackElo "1769"]
[WhiteClock "00:40:35"]
[BlackClock "00:16:14"]
[WhiteTeam "SK Mannheim-Lindenhof"]
[BlackTeam "Erfurter SK"]
[PlyCount "105"]
[WhiteFideId "12977438"]
[BlackFideId "12975982"]
[EventCountry "GER"]
[EventRounds "7"]
[EventType "team-swiss"]
[EventDate "2016.12.26"]

1. e4 c5 2. Nf3 d6 3. d4 cxd4 4. Nxd4 Nf6 5. Nc3 a6 6. Bd3 e5 7. Nde2 Be7 8.
Bg5 Nbd7 9. Ng3 h6 10. Be3 Nc5 11. Bc4 b5 12. Bd5 Bb7 13. Bxb7 Nxb7 14. Nf5 Bf8
15. f3 Rc8 16. O-O g6 17. Ng3 Bg7 18. Qd2 Na5 19. b3 Qc7 20. Nge2 b4 21. Nd5
Nxd5 22. Qxd5 O-O 23. Rac1 Nb7 24. c3 bxc3 25. Rxc3 Qd7 26. Rfc1 Rxc3 27. Rxc3
Rc8 28. Qd3 Rc6 29. Rxc6 Qxc6 30. Nc3 Nd8 31. Nd5 Kh7 32. Nb4 Qb5 33. Qxb5 axb5
34. a4 bxa4 35. bxa4 Nb7 36. Bb6 f5 37. a5 Nxa5 38. Bxa5 Kg8 39. Kf2 Kf7 40.
Ke3 Ke6 41. Kd3 h5 42. Nd5 Bh6 43. Bd2 f4 44. Kc4 g5 45. Kb5 g4 46. h3 g3 47.
Kc6 Bg7 48. Bb4 Bf8 49. Nc7+ Kf6 50. Bxd6 Bh6 51. Kd5 Kg6 52. Bxe5 Kg5 53. Ne6+
1-0

[Event "DVM U12 2016"]
[Site "Magdeburg GER"]
[Date "2016.12.29"]
[Round "5"]
[White "Seinsoth, Paul"]
[Black "Wu, Luka"]
[Result "0-1"]
[Termination "normal"]
[Board "3.2"]
[WhiteElo "1391"]
[BlackElo "1735"]
[WhiteClock "00:42:23"]
[BlackClock "00:45:53"]
[WhiteTeam "Erfurter SK"]
[BlackTeam "SK Mannheim-Lindenhof"]
[PlyCount "98"]
[WhiteFideId "12994634"]
[BlackFideId "12977420"]
[EventCountry "GER"]
[EventRounds "7"]
[EventType "team-swiss"]
[EventDate "2016.12.26"]

1. c4 e5 2. Nc3 Nc6 3. g3 g6 4. Bg2 Bg7 5. d3 Nf6 6. a3 a5 7. e4 d6 8. h3 Be6
9. Rb1 O-O 10. Nf3 Qd7 11. Ng5 Nd4 12. Nxe6 fxe6 13. Ne2 Rf7 14. Be3 c5 15. b4
axb4 16. axb4 Nxe2 17. Qxe2 cxb4 18. O-O Qa4 19. Qb2 Qa3 20. Qxb4 Qxd3 21. Rfd1
Qc2 22. Rd2 Qa4 23. Rxd6 Qxb4 24. Rxb4 Bf8 25. Rbb6 Bxd6 26. Rxd6 Ra6 27. Rd1
Ra4 28. Bh6 Rd7 29. Rc1 Rc7 30. Bg5 Kf7 31. c5 Nxe4 32. Be3 Nf6 33. Rd1 Rd7 34.
Rxd7+ Nxd7 35. Bxb7 Rc4 36. c6 Nb8 37. f4 exf4 38. Bxf4 Nxc6 39. Ba6 Rc2 40.
Bd3 Rb2 41. Be4 e5 42. Bh6 Rb6 43. Bg5 Ke6 44. Bd3 Kd5 45. Kf2 Rb3 46. Bf1 e4
47. Ke2 Nd4+ 48. Kf2 Rb2+ 49. Ke3 Nf5+ 0-1

[Event "DVM U12 2016"]
[Site "Magdeburg GER"]
[Date "2016.12.29"]
[Round "5"]
[White "Hardt, Anton"]
[Black "Wagner, Victoria"]
[Result "0-1"]
[Termination "normal"]
[Board "3.3"]
[WhiteElo "1417"]
[BlackElo "1474"]
[WhiteClock "00:04:09"]
[BlackClock "00:10:01"]
[WhiteTeam "SK Mannheim-Lindenhof"]
[BlackTeam "Erfurter SK"]
[PlyCount "86"]
[WhiteFideId "16239466"]
[BlackFideId "16232348"]
[EventCountry "GER"]
[EventRounds "7"]
[EventType "team-swiss"]
[EventDate "2016.12.26"]

1. e4 c5 2. Nf3 d6 3. d4 cxd4 4. Nxd4 Nf6 5. Nc3 a6 6. Bc4 e6 7. Be3 b5 8. Bd3
Bb7 9. f3 Be7 10. Qd2 Qc7 11. Nce2 Nbd7 12. Ng3 Nc5 13. Rc1 Rc8 14. O-O O-O 15.
b3 Nfd7 16. Rfe1 Ne5 17. Bf2 d5 18. Rb1 Rcd8 19. Qe3 Ng6 20. exd5 Bxd5 21. Bf1
h6 22. Qc3 Rc8 23. Nde2 b4 24. Qd2 a5 25. Nd4 Bc6 26. Red1 Rcd8 27. Qe2 Nf4 28.
Qe1 Bf6 29. Nb5 Bxb5 30. Rxd8 Rxd8 31. Bxb5 Nb7 32. Be3 Bc3 33. Qf1 Bd2 34.
Bxd2 Rxd2 35. Be2 Qxc2 36. Rc1 Qxa2 37. Rc8+ Kh7 38. Rc7 Nxe2+ 39. Nxe2 Rxe2
40. Rxb7 Qd2 41. Qb1+ Qc2 42. Qa1 Rxg2+ 43. Kh1 Rxh2+ 0-1

[Event "DVM U12 2016"]
[Site "Magdeburg GER"]
[Date "2016.12.29"]
[Round "5"]
[White "Wagner, Margarethe"]
[Black "Stillbauer, Jan"]
[Result "1-0"]
[Termination "normal"]
[Board "3.4"]
[WhiteElo "1295"]
[BlackElo "1404"]
[WhiteClock "00:33:33"]
[BlackClock "01:05:05"]
[WhiteTeam "Erfurter SK"]
[BlackTeam "SK Mannheim-Lindenhof"]
[PlyCount "109"]
[WhiteFideId "16236947"]
[BlackFideId "16239393"]
[EventCountry "GER"]
[EventRounds "7"]
[EventType "team-swiss"]
[EventDate "2016.12.26"]

1. e4 e5 2. Nf3 Nc6 3. Bb5 a6 4. Bxc6 dxc6 5. h3 Nf6 6. d3 Bd6 7. Bg5 h6 8. Bh4
Be6 9. Nc3 Qd7 10. Bg3 Qe7 11. Bxe5 Bxe5 12. Nxe5 Bxh3 13. Nxc6 Qc5 14. Rxh3
Qxc6 15. Qe2 O-O-O 16. O-O-O Rhe8 17. Re3 Qc5 18. Rf1 Rd7 19. Kb1 Rde7 20. Rd1
Qg5 21. Rg3 Qf4 22. Rxg7 h5 23. Rg3 h4 24. Rf3 Qg5 25. Rg1 Rh8 26. Rf5 Qg6 27.
Rxf6 Qxf6 28. Nd5 Qe6 29. Nxe7+ Qxe7 30. Qg4+ Kb8 31. Rh1 Qf6 32. f3 b6 33. a3
Kb7 34. f4 Qh6 35. Qg5 Qxg5 36. fxg5 Kc6 37. Kc1 Kd6 38. Kd2 Ke5 39. Ke3 c5 40.
c3 b5 41. Rh3 f6 42. gxf6 Kxf6 43. g3 Rg8 44. gxh4 Rg2 45. h5 Rxb2 46. h6 Rg2
47. h7 b4 48. h8=Q+ Ke6 49. Qe8+ Kd6 50. Rh6+ Kc7 51. Qe7+ Kc8 52. Qe8+ Kc7 53.
Qe7+ Kc8 54. Rh8+ Rg8 55. Rxg8# 1-0

[Event "DVM U12 2016"]
[Site "Magdeburg GER"]
[Date "2016.12.29"]
[Round "5"]
[White "Jakob, Georg"]
[Black "Liebold, Aaron"]
[Result "1-0"]
[Termination "normal"]
[Board "4.1"]
[WhiteElo "1778"]
[BlackElo "1746"]
[WhiteClock "00:22:21"]
[BlackClock "00:20:03"]
[WhiteTeam "SG Königskinder Hohentübingen"]
[BlackTeam "ESV Gera"]
[PlyCount "67"]
[WhiteFideId "16224221"]
[BlackFideId "12997846"]
[EventCountry "GER"]
[EventRounds "7"]
[EventType "team-swiss"]
[EventDate "2016.12.26"]

1. e4 c5 2. Nf3 d6 3. d4 cxd4 4. Nxd4 Nf6 5. Nc3 Nc6 6. Be3 e6 7. Be2 Be7 8. f4
a6 9. Qd2 Qc7 10. O-O-O b5 11. e5 Nxd4 12. Bxd4 b4 13. exf6 bxc3 14. Bxc3 gxf6
15. Rhg1 Bb7 16. g4 Rf8 17. Bd3 h5 18. g5 f5 19. Qe2 d5 20. Rdf1 Bd6 21. Qd2
Bc5 22. Be5 Bd6 23. Bxd6 Qxd6 24. Qe2 Rh8 25. Bxf5 Kd7 26. Bd3 Rag8 27. h4 f5
28. gxf6 Rxg1 29. Rxg1 Qxf4+ 30. Kb1 Qxf6 31. Bxa6 Bxa6 32. Qxa6 Rf8 33. a3 Qd4
34. Rg7+ 1-0

[Event "DVM U12 2016"]
[Site "Magdeburg GER"]
[Date "2016.12.29"]
[Round "5"]
[White "Schubert, Nikita"]
[Black "Wang, Xinyuan"]
[Result "1-0"]
[Termination "normal"]
[Board "4.2"]
[WhiteElo "1792"]
[BlackElo "1688"]
[WhiteClock "00:08:01"]
[BlackClock "00:53:45"]
[WhiteTeam "ESV Gera"]
[BlackTeam "SG Königskinder Hohentübingen"]
[PlyCount "155"]
[WhiteFideId "16212339"]
[BlackFideId "16221494"]
[EventCountry "GER"]
[EventRounds "7"]
[EventType "team-swiss"]
[EventDate "2016.12.26"]

1. d4 Nf6 2. Nf3 e6 3. e3 c5 4. Bd3 Nc6 5. b3 cxd4 6. exd4 Bb4+ 7. c3 Be7 8.
O-O O-O 9. Qc2 h6 10. a3 d5 11. h3 b6 12. Bf4 Bb7 13. Nbd2 Rc8 14. Qb2 Nh5 15.
Bh2 Bd6 16. Bxd6 Qxd6 17. Rfe1 Nf4 18. Bf1 Rc7 19. Rac1 Rfc8 20. Rc2 Nb8 21. g3
Nh5 22. Rec1 Ba6 23. Bxa6 Nxa6 24. Kg2 Kh7 25. c4 g5 26. cxd5 exd5 27. Qb1 Kg7
28. Rxc7 Rxc7 29. Rxc7 Nxc7 30. Qc1 Ne6 31. Nf1 Nf6 32. Ne3 Qc7 33. Nf5+ Kh7
34. Qxc7 Nxc7 35. Nd6 Kg8 36. Nc8 Kf8 37. Nxa7 Nd7 38. Nc6 f6 39. Nb4 Ke7 40.
Nc2 Ke6 41. g4 Ne8 42. Nd2 Nf8 43. Ne3 Ng7 44. Nb1 Ng6 45. Nc3 Nf4+ 46. Kh2 h5
47. Na4 b5 48. Nc3 b4 49. axb4 Nd3 50. Ncxd5 Nxf2 51. b5 Ne4 52. b6 Nd6 53.
Nc7+ Kd7 54. d5 hxg4 55. hxg4 Kc8 56. Nc4 Nb7 57. Na6 Ne8 58. Kg3 Ned6 59. Kf3
Kd8 60. Ke3 Kc8 61. Kd4 f5 62. gxf5 Nxf5+ 63. Ke5 Nfd6 64. Nxd6+ Nxd6 65. Kxd6
Kb7 66. Nc5+ Kxb6 67. Ne4 g4 68. Ke7 g3 69. Nxg3 Kb5 70. d6 Kb4 71. d7 Kxb3 72.
d8=Q Kb2 73. Qd3 Ka1 74. Qd2 Kb1 75. Ne4 Ka1 76. Kd6 Kb1 77. Nc3+ Ka1 78. Qa2#
1-0

[Event "DVM U12 2016"]
[Site "Magdeburg GER"]
[Date "2016.12.29"]
[Round "5"]
[White "Sulayev, Daniel"]
[Black "Lutz, Ruben"]
[Result "1-0"]
[Termination "normal"]
[Board "5.1"]
[WhiteElo "1934"]
[BlackElo "1843"]
[WhiteTeam "Schachpinguine Berlin"]
[BlackTeam "USV TU Dresden"]
[PlyCount "87"]
[WhiteFideId "12977675"]
[BlackFideId "12975974"]
[EventCountry "GER"]
[EventRounds "7"]
[EventType "team-swiss"]
[EventDate "2016.12.26"]

1. Nf3 d5 2. g3 Nf6 3. Bg2 e6 4. d3 Be7 5. O-O O-O 6. Nbd2 Nbd7 7. e4 c6 8. Qe2
b6 9. c4 Bb7 10. Re1 Rc8 11. Nb3 h6 12. Bf4 b5 13. Rac1 bxc4 14. dxc4 Ba6 15.
Nfd2 e5 16. exd5 exf4 17. dxc6 Bd6 18. cxd7 Qxd7 19. Qf3 fxg3 20. hxg3 Bb4 21.
Red1 Qe7 22. a3 Bd6 23. Nd4 Qe5 24. Nf5 Rfd8 25. b4 Bf8 26. Ne3 Rc7 27. Ne4
Rxd1+ 28. Rxd1 Nxe4 29. Qxe4 Qxe4 30. Bxe4 g6 31. c5 Bg7 32. Rd8+ Kh7 33. Nd5
Rc8 34. Rd7 f5 35. Bf3 Bc4 36. Rxa7 Rd8 37. Ne3 Bb5 38. a4 Be8 39. c6 Kh8 40.
c7 Rc8 41. Ra8 Bd7 42. Rxc8+ Bxc8 43. b5 Be5 44. b6 1-0

[Event "DVM U12 2016"]
[Site "Magdeburg GER"]
[Date "2016.12.29"]
[Round "5"]
[White "Lutz, Adam"]
[Black "Morczynski, Joachim"]
[Result "1-0"]
[Termination "normal"]
[Board "5.2"]
[WhiteElo "1743"]
[BlackElo "1645"]
[WhiteTeam "USV TU Dresden"]
[BlackTeam "Schachpinguine Berlin"]
[PlyCount "75"]
[WhiteFideId "16226615"]
[BlackFideId "16209745"]
[EventCountry "GER"]
[EventRounds "7"]
[EventType "team-swiss"]
[EventDate "2016.12.26"]

1. e4 e5 2. Nf3 Nc6 3. d4 exd4 4. Nxd4 Nf6 5. Nxc6 bxc6 6. e5 Nd5 7. c4 Nb6 8.
f4 d5 9. b3 Bc5 10. Bb2 O-O 11. Nd2 Re8 12. Qc2 Bd4 13. g3 Qd6 14. h3 Qh6 15.
Bg2 Bd7 16. O-O-O Bf2 17. g4 Qxf4 18. Rhf1 Qg3 19. Bf3 Be3 20. Qd3 Bxd2+ 21.
Rxd2 Be6 22. c5 Nd7 23. Qe3 a5 24. h4 Reb8 25. Rg1 Qxh4 26. Rh1 Qe7 27. Rdh2 h6
28. Rxh6 f6 29. exf6 Qxc5+ 30. Qxc5 Nxc5 31. fxg7 Nd3+ 32. Kc2 Nxb2 33. Kxb2
Bd7 34. g5 Bf5 35. Rxc6 Kxg7 36. Rxc7+ Kg6 37. Bxd5 Kxg5 38. Bxa8 1-0

[Event "DVM U12 2016"]
[Site "Magdeburg GER"]
[Date "2016.12.29"]
[Round "5"]
[White "Pfefferkorn, Paul"]
[Black "Rosenhain, Jonathan"]
[Result "0-1"]
[Termination "normal"]
[Board "5.4"]
[WhiteElo "1033"]
[BlackElo "1222"]
[WhiteTeam "USV TU Dresden"]
[BlackTeam "Schachpinguine Berlin"]
[PlyCount "118"]
[WhiteFideId "16255330"]
[BlackFideId "16212169"]
[EventCountry "GER"]
[EventRounds "7"]
[EventType "team-swiss"]
[EventDate "2016.12.26"]

1. e4 e5 2. Nf3 Nc6 3. Bc4 Nf6 4. Nc3 Nxe4 5. Nxe4 d5 6. Bxd5 Qxd5 7. Nc3 Qd8
8. h3 Bf5 9. O-O a6 10. Re1 Bd6 11. d4 f6 12. Bf4 O-O 13. dxe5 fxe5 14. Bxe5
Nxe5 15. Nxe5 Re8 16. f4 Qh4 17. Qd5+ Be6 18. Qf3 Rf8 19. Qe3 Qxf4 20. Qxf4
Rxf4 21. Nd3 Rf6 22. Ne4 Rg6 23. Nxd6 Bd5 24. Ne4 Rf8 25. Re2 Bc4 26. b3 Be6
27. Rf1 Bf5 28. Rf4 Re6 29. Ndc5 Re5 30. Nd3 Re6 31. Ndf2 g6 32. g4 Bxe4 33.
Rxf8+ Kxf8 34. Rxe4 Rd6 35. Re2 h5 36. gxh5 gxh5 37. Kg2 Rg6+ 38. Kf1 Kf7 39.
Ke1 Rg1+ 40. Kd2 Ra1 41. a4 Rg1 42. Kc3 Rg3+ 43. Kd4 Rg5 44. Ne4 Rg6 45. Nc5
Rd6+ 46. Ke5 b6 47. Rf2+ Ke7 48. Nd3 Re6+ 49. Kf4 b5 50. a5 Kf6 51. Kg3+ Kg5
52. Rf4 Re3+ 53. Rf3 h4+ 54. Kf2 Re6 55. b4 Rc6 56. Nc5 Kg6 57. Ke3 Rd6 58. Rf1
Kg7 59. Kf4 Rf6+ 0-1

[Event "DVM U12 2016"]
[Site "Magdeburg GER"]
[Date "2016.12.29"]
[Round "5"]
[White "Gallasch, Jonas"]
[Black "Waffenschmidt, Lars"]
[Result "0-1"]
[Termination "normal"]
[Board "6.1"]
[WhiteElo "1709"]
[BlackElo "1526"]
[WhiteTeam "SG Porz"]
[BlackTeam "SK Bebenhausen"]
[PlyCount "91"]
[WhiteFideId "16222474"]
[BlackFideId "16244656"]
[EventCountry "GER"]
[EventRounds "7"]
[EventType "team-swiss"]
[EventDate "2016.12.26"]

1. Nf3 Nf6 2. c4 e6 3. g3 b6 4. Bg2 Bb7 5. Nc3 Bb4 6. O-O O-O 7. Qc2 d6 8. Nd1
d5 9. a3 Be7 10. d3 a5 11. Bg5 Nbd7 12. Ne3 Nc5 13. b3 dxc4 14. Nxc4 Nfd7 15.
Bxe7 Qxe7 16. Nd4 Bxg2 17. Kxg2 e5 18. Nf3 Rad8 19. b4 axb4 20. axb4 e4 21. Nd4
exd3 22. exd3 Qf6 23. Nf3 Ne6 24. Ne3 Ne5 25. Nxe5 Qxe5 26. Ra7 Rfe8 27. Rfa1
Qd6 28. Qa4 Qxd3 29. Qc6 Qd6 30. Qxd6 Rxd6 31. Nf5 Rdd8 32. f4 g6 33. Nh4 Rd2+
34. Kg1 Rb2 35. Nf3 Rxb4 36. Ng5 Nxg5 37. fxg5 c5 38. Rf1 Rf8 39. Rb7 b5 40.
Rc1 c4 41. Kf2 Re8 42. Rc3 Rb2+ 43. Kf3 Rc8 44. Ke4 b4 45. Rf3 Rf8 46. Kd4 0-1

[Event "DVM U12 2016"]
[Site "Magdeburg GER"]
[Date "2016.12.29"]
[Round "5"]
[White "Marx, Benedikt"]
[Black "Parshykov, Edgar"]
[Result "0-1"]
[Termination "normal"]
[Board "6.2"]
[WhiteElo "1289"]
[BlackElo "1578"]
[WhiteTeam "SK Bebenhausen"]
[BlackTeam "SG Porz"]
[PlyCount "152"]
[WhiteFideId "16255690"]
[BlackFideId "16222458"]
[EventCountry "GER"]
[EventRounds "7"]
[EventType "team-swiss"]
[EventDate "2016.12.26"]

1. e4 d6 2. d4 g6 3. Nc3 Bg7 4. f4 e6 5. Nf3 Ne7 6. Be3 Nd7 7. Bd3 b6 8. O-O
O-O 9. Qe1 Bb7 10. Qh4 Nc6 11. Qxd8 Rfxd8 12. a3 a6 13. Rad1 Rac8 14. Ne2 Re8
15. c3 Ne7 16. Bc2 Nf6 17. Ng3 d5 18. e5 Nd7 19. Bb1 Red8 20. Rfe1 c5 21. h3 c4
22. Rc1 b5 23. Bc2 Nb6 24. Bd2 Nc6 25. Rb1 Bf8 26. Ne2 a5 27. g4 Rb8 28. Kg2
Bc8 29. Rf1 Bh6 30. Kg3 Bd7 31. h4 Rb7 32. Nc1 Bf8 33. Ne2 b4 34. axb4 axb4 35.
Bd1 Ra8 36. Bc2 Rba7 37. cxb4 Nxb4 38. Bxb4 Bxb4 39. Nc3 Na4 40. Nxa4 Bxa4 41.
Bxa4 Rxa4 42. h5 h6 43. hxg6 fxg6 44. b3 cxb3 45. Rxb3 Be7 46. Rfb1 Kf7 47. Rh1
Kg7 48. Rb6 R4a6 49. Rxa6 Rxa6 50. Rb1 Ra7 51. Nd2 Ra3+ 52. Kg2 Ra2 53. Rd1 Bb4
54. Kf1 Rxd2 55. Rxd2 Bxd2 56. f5 gxf5 57. gxf5 exf5 58. Ke2 Bb4 59. Kf3 Bd2
60. Ke2 Bf4 61. Kf3 Bxe5 62. dxe5 Kf7 63. Ke3 Ke6 64. Kf4 h5 65. Kg5 Kxe5 66.
Kxh5 Kf4 67. Kg6 d4 68. Kf6 d3 69. Ke6 d2 70. Kf6 d1=Q 71. Kg6 Qd6+ 72. Kg7 Kg5
73. Kf7 f4 74. Kg7 Qe7+ 75. Kh8 Kg6 76. Kg8 Qg7# 0-1

[Event "DVM U12 2016"]
[Site "Magdeburg GER"]
[Date "2016.12.29"]
[Round "5"]
[White "Kogan, Gabriel"]
[Black "Kroh, Franz Alexander"]
[Result "1/2-1/2"]
[Termination "normal"]
[Board "6.3"]
[WhiteElo "1467"]
[BlackElo "1277"]
[WhiteTeam "SG Porz"]
[BlackTeam "SK Bebenhausen"]
[PlyCount "138"]
[WhiteFideId "16238265"]
[EventCountry "GER"]
[EventRounds "7"]
[EventType "team-swiss"]
[EventDate "2016.12.26"]

1. e4 e5 2. Nf3 Nc6 3. Bc4 Bc5 4. c3 Nf6 5. d3 d6 6. Qb3 O-O 7. Qd1 Be6 8. Nbd2
Qd7 9. O-O Rfe8 10. b4 Bb6 11. Bxe6 fxe6 12. Nc4 h6 13. a4 a6 14. Nxb6 cxb6 15.
Re1 d5 16. Bb2 Qd6 17. Qd2 Rad8 18. Rad1 Nd7 19. h3 d4 20. Kh1 Kh7 21. Kg1 Kg8
22. Rf1 Re7 23. Ne1 Rf8 24. Nf3 Ree8 25. Rfe1 Rf6 26. b5 dxc3 27. Bxc3 Nd8 28.
d4 exd4 29. e5 Nxe5 30. Nxe5 Qc7 31. Bxd4 Rf5 32. Rc1 Qd6 33. Bc3 Qe7 34. bxa6
bxa6 35. Nf3 Rd5 36. Qe3 Qd6 37. Be5 Qb4 38. Rc7 Nf7 39. Qf4 Qxf4 40. Bxf4 e5
41. Be3 Rd6 42. Rec1 Ree6 43. Rc8+ Kh7 44. R1c7 Kg6 45. Nh4+ Kf6 46. Rf8 Re7
47. Rxe7 Kxe7 48. Rb8 Rd5 49. Bxb6 Nd6 50. Be3 e4 51. Rb4 Kf6 52. g4 g5 53. Ng2
Rd1+ 54. Kh2 Ke5 55. Rb6 a5 56. Rc6 Rd5 57. Rc5 Rxc5 58. Bxc5 Kd5 59. Bxd6 Kxd6
60. Ne3 Kc5 61. Kg1 Kb4 62. Kf1 Kxa4 63. Ke1 Kb3 64. Kd1 a4 65. Nc2 Kc3 66. Na3
Kb3 67. Nc2 Kc3 68. Kc1 Kd3 69. Kd1 Kc3 1/2-1/2

[Event "DVM U12 2016"]
[Site "Magdeburg GER"]
[Date "2016.12.29"]
[Round "5"]
[White "Öz, Mert"]
[Black "Sabirov, Rafael"]
[Result "0-1"]
[Termination "normal"]
[Board "6.4"]
[WhiteElo "1216"]
[BlackElo "1390"]
[WhiteTeam "SK Bebenhausen"]
[BlackTeam "SG Porz"]
[PlyCount "154"]
[WhiteFideId "16255704"]
[BlackFideId "16241185"]
[EventCountry "GER"]
[EventRounds "7"]
[EventType "team-swiss"]
[EventDate "2016.12.26"]

1. e4 c5 2. Nf3 e6 3. c3 Nf6 4. e5 Nd5 5. d4 cxd4 6. cxd4 Nc6 7. Bc4 Nb6 8. Be2
Be7 9. O-O Qc7 10. Bf4 a6 11. a3 Nd5 12. Bd2 b5 13. b4 Bb7 14. Qc2 d6 15. exd6
Bxd6 16. h3 Rc8 17. Rc1 O-O 18. Ng5 Nf6 19. Nf3 h6 20. Nc3 Rfd8 21. Ra2 Be7 22.
Ne4 Nxe4 23. Qxe4 Qd7 24. Bd3 Bf6 25. Qg4 Kf8 26. Be4 Nxd4 27. Nxd4 Bxd4 28.
Bxb7 Qxb7 29. Rxc8 Qxc8 30. Be3 Bxe3 31. fxe3 Qc1+ 32. Kh2 Qxe3 33. Qh4 Qg5 34.
Qf2 Qe5+ 35. g3 Rd3 36. Re2 Qc3 37. Rxe6 Rd2 38. Re2 Rxe2 39. Qxe2 Qxa3 40. Qd2
Kg8 41. Kg2 Qb3 42. Kf2 Qe6 43. Qd8+ Kh7 44. Qd3+ Qg6 45. Qd2 Qf5+ 46. Kg2 Qe4+
47. Kh2 h5 48. h4 Qg4 49. Kg2 Qe4+ 50. Kh2 f5 51. Kh3 Qg4+ 52. Kh2 Qf3 53. Kh3
f4 54. Qxf4 Qxf4 55. gxf4 Kg6 56. Kg3 Kf5 57. Kf3 g6 58. Kg3 Ke4 59. f5 gxf5
60. Kh3 Kf3 61. Kh2 Kg4 62. Kg2 f4 63. Kf2 Kxh4 64. Kg2 Kg4 65. Kf2 f3 66. Kf1
Kg3 67. Kg1 f2+ 68. Kf1 h4 69. Ke2 Kg2 70. Kd3 f1=Q+ 71. Kd2 Qc4 72. Ke3 Qxb4
73. Ke2 Qc3 74. Kd1 Qb2 75. Ke1 Kf3 76. Kd1 Ke3 77. Ke1 Qa1# 0-1

[Event "DVM U12 2016"]
[Site "Magdeburg GER"]
[Date "2016.12.29"]
[Round "5"]
[White "Noever, Niklas"]
[Black "Zeuner, Ole"]
[Result "0-1"]
[Termination "normal"]
[Board "7.1"]
[WhiteElo "1648"]
[BlackElo "1701"]
[WhiteTeam "Rheydter SV"]
[BlackTeam "Schachzwerge Magdeburg"]
[PlyCount "66"]
[WhiteFideId "12988642"]
[BlackFideId "12943576"]
[EventCountry "GER"]
[EventRounds "7"]
[EventType "team-swiss"]
[EventDate "2016.12.26"]

1. e4 c5 2. Nc3 d6 3. d3 g6 4. g3 Bg7 5. Bg2 Nf6 6. Nh3 Nc6 7. O-O O-O 8. Bd2
Bd7 9. f4 Bg4 10. Qc1 Nd4 11. Be3 Bd7 12. Nf2 Rc8 13. Qd1 b5 14. g4 b4 15. Bxd4
cxd4 16. Nb1 Qc7 17. a3 a5 18. axb4 axb4 19. Nd2 Qxc2 20. Qe2 Qxb2 21. Rfb1 Qc3
22. Rc1 Qxc1+ 23. Rxc1 Rxc1+ 24. Bf1 Rfc8 25. Nc4 Ra8 26. g5 Raa1 27. Nd2 Nh5
28. f5 b3 29. h4 b2 30. Kh2 Rxf1 31. Qxf1 Rxf1 32. Kg2 b1=Q 33. Nxb1 Rxb1 0-1

[Event "DVM U12 2016"]
[Site "Magdeburg GER"]
[Date "2016.12.29"]
[Round "5"]
[White "Morgenstern, Tobias"]
[Black "Bartels, Simon"]
[Result "0-1"]
[Termination "normal"]
[Board "7.2"]
[WhiteElo "1436"]
[BlackElo "1631"]
[WhiteTeam "Schachzwerge Magdeburg"]
[BlackTeam "Rheydter SV"]
[PlyCount "116"]
[WhiteFideId "12974390"]
[BlackFideId "12990140"]
[EventCountry "GER"]
[EventRounds "7"]
[EventType "team-swiss"]
[EventDate "2016.12.26"]

1. e4 e5 2. Nf3 Nf6 3. d3 Nc6 4. Be2 Be7 5. O-O O-O 6. Nbd2 d5 7. b3 dxe4 8.
dxe4 Bg4 9. Bb2 Bxf3 10. Bxf3 Bc5 11. Nc4 Qxd1 12. Raxd1 Rfe8 13. Rd3 b5 14.
Ne3 Nd4 15. Nd5 Nxd5 16. exd5 Nxf3+ 17. Rxf3 Rad8 18. c4 bxc4 19. bxc4 Rb8 20.
Bc3 Bb4 21. Ba1 f6 22. Rb3 Bc5 23. Rfb1 Rxb3 24. axb3 Rb8 25. Bc3 Bb4 26. Bxb4
Rxb4 27. Kf1 a5 28. Ke2 a4 29. Kd3 Rxb3+ 30. Rxb3 axb3 31. Kc3 Kf8 32. Kxb3 Ke7
33. c5 Kd7 34. Kc3 f5 35. Kd3 Ke7 36. Ke3 Kf6 37. Kd3 g5 38. h3 h5 39. g4 fxg4
40. hxg4 h4 41. Ke4 h3 42. Kf3 e4+ 43. Kg3 Ke5 44. d6 cxd6 45. c6 Ke6 46. Kxh3
d5 47. f4 exf3 48. Kg3 Kd6 49. Kxf3 Kxc6 50. Ke3 Kc5 51. Kd3 d4 52. Kd2 Kc4 53.
Kc2 d3+ 54. Kd1 Kd4 55. Kd2 Ke4 56. Ke1 Kf3 57. Kd2 Kxg4 58. Kxd3 Kf3 0-1

[Event "DVM U12 2016"]
[Site "Magdeburg GER"]
[Date "2016.12.29"]
[Round "5"]
[White "Hansen, Jonah"]
[Black "Eschner, Fabian"]
[Result "0-1"]
[Termination "normal"]
[Board "7.3"]
[WhiteElo "1265"]
[BlackElo "1515"]
[WhiteTeam "Rheydter SV"]
[BlackTeam "Schachzwerge Magdeburg"]
[PlyCount "96"]
[WhiteFideId "16276841"]
[BlackFideId "16232860"]
[EventCountry "GER"]
[EventRounds "7"]
[EventType "team-swiss"]
[EventDate "2016.12.26"]

1. e4 c5 2. d3 Nc6 3. Nc3 g6 4. g3 Nf6 5. Bg2 Bg7 6. Nh3 O-O 7. O-O e6 8. Be3
d6 9. Qd2 Rb8 10. Bh6 b5 11. Bxg7 Kxg7 12. f4 Qb6 13. Kh1 Rd8 14. Rae1 c4 15.
f5 cxd3 16. cxd3 Ne5 17. d4 Nc4 18. Qg5 h6 19. Qh4 exf5 20. exf5 Bxf5 21. g4
Nxg4 22. Rf4 Re8 23. Rxe8 Rxe8 24. Nd5 Qd8 25. Qxd8 Rxd8 26. b3 Nb2 27. Bf1 Nd1
28. Be2 Nge3 29. Nxe3 Nxe3 30. Rf3 Be4 31. Kg1 Bxf3 32. Bxf3 Nc2 33. Be4 Nxd4
34. Nf4 Re8 35. Bd3 Ne6 36. Nxe6+ fxe6 37. Bxb5 Rd8 38. a3 d5 39. Kf2 Kf6 40.
a4 e5 41. Bc6 g5 42. b4 Ke7 43. Kf3 h5 44. Kg3 Kd6 45. b5 Rc8 46. Bb7 Rc3+ 47.
Kg2 Ra3 48. a5 Rxa5 0-1

[Event "DVM U12 2016"]
[Site "Magdeburg GER"]
[Date "2016.12.29"]
[Round "5"]
[White "Heutling, Elina"]
[Black "Reyer, Moritz"]
[Result "1-0"]
[Termination "normal"]
[Board "7.4"]
[WhiteElo "1383"]
[BlackElo "1019"]
[WhiteTeam "Schachzwerge Magdeburg"]
[BlackTeam "Rheydter SV"]
[PlyCount "59"]
[WhiteFideId "16244729"]
[EventCountry "GER"]
[EventRounds "7"]
[EventType "team-swiss"]
[EventDate "2016.12.26"]

1. e4 e5 2. Nf3 Nc6 3. Bc4 Bc5 4. c3 Nf6 5. d4 exd4 6. cxd4 Bb4+ 7. Bd2 Nxe4 8.
Bxb4 Nxb4 9. Bxf7+ Kf8 10. Bc4 Qe7 11. O-O d5 12. Bb3 c6 13. Re1 Bg4 14. Nc3
Re8 15. a3 Na6 16. Qd3 Kg8 17. Rxe4 Be6 18. Re5 Nc7 19. Ng5 g6 20. Nxe6 Nxe6
21. Rae1 Kf7 22. Qf3+ Kg7 23. Rxe6 Qg5 24. Rxe8 Rxe8 25. Rxe8 Qc1+ 26. Bd1 Kh6
27. Qf8+ Kg5 28. Re5+ Kh4 29. g3+ Kh3 30. Qc8# 1-0